| 000 | 00831nam a2200241 a 4500 | ||
|---|---|---|---|
| 001 | 1944506 | ||
| 005 | 19870218000000.0 | ||
| 008 | 861120s1986 nyua b 001 0 eng | ||
| 010 | _a 86225369 | ||
| 040 |
_aDLC _cDLC _dDLC |
||
| 050 | 0 | 0 |
_aTP363 _b.D794 1986 |
| 082 | 0 | 0 |
_a660.28426 _222 _bDRY |
| 245 | 0 | 0 |
_aDrying of Solids : _bRecent International Developments / _ceditor, Arun S. Mujumdar. |
| 260 |
_aNew York : _bJ. Wiley, _cc1986. |
||
| 300 |
_axi, 342 p. : _bill. ; _c29 cm. |
||
| 500 | _a"A Halsted Press book." | ||
| 504 | _aIncludes indexes | ||
| 650 | 0 |
_aDrying _97316 |
|
| 650 | 0 |
_aDrying apparatus. _97317 |
|
| 700 | 1 |
_aMujumdar, A. S. _97318 |
|
| 942 |
_2ddc _cBB |
||
| 999 |
_c12139 _d12139 |
||